Vývoj cenovej parity na jednotlivých stupňoch potravinovej vertikály

Analýza vývoja cien na jednotlivých stupňoch potravinovej vertikály medziročne v roku 2017 a analýza vzájomných vzťahov závislostí cenového vývoja potravinovej vertikály v rokoch 2012 - 2017. Pre analýzu vzájomných vzťahov závislostí cenového vývoja potravinovej vertikály boli použité tzv. cenové no...

Description complète

Enregistré dans:
Détails bibliographiques
Auteur principal: Trubačová, Anna
Format: Chapitre de livre
Langue:slovaque
Sujets:
Tags: Ajouter un tag
Pas de tags, Soyez le premier à ajouter un tag!

MARC

LEADER 00000naa a2200000 4500
001 0253569
005 20220722102048.7
041 0 |a slo 
044 |a SK 
245 1 0 |a Vývoj cenovej parity na jednotlivých stupňoch potravinovej vertikály  |c Anna Trubačová 
520 |a Analýza vývoja cien na jednotlivých stupňoch potravinovej vertikály medziročne v roku 2017 a analýza vzájomných vzťahov závislostí cenového vývoja potravinovej vertikály v rokoch 2012 - 2017. Pre analýzu vzájomných vzťahov závislostí cenového vývoja potravinovej vertikály boli použité tzv. cenové nožnice, vyjadrené koeficientom parity, ktoré sú konštruované ako jednoduchý pomer indexov cien hodnotených cenových skupín a vyjadrujú mieru zbližovania, alebo vzďaľovania sa cenového vývoja. (roztváranie a zatváranie cenových nožníc). 
610 2 0 |a vývoj cenový 
610 2 0 |a parita cenová 
610 2 0 |a nožnice cenové 
610 2 0 |a komodity 
610 2 0 |a výroba rastlinná 
610 2 0 |a výroba živočíšna 
100 1 |a Trubačová, Anna